[Event "Caioba Telecom op"]
[Site "Caioba"]
[Date "2018.08.04"]
[Round "7"]
[White "De Souza, Joao Arthur Solak"]
[Black "Pontes, Andressa"]
[Result "1-0"]
[WhiteElo "1178"]
[BlackElo "1207"]
[PlyCount "35"]
[EventDate "2018.08.01"]
[EventType "swiss"]
[EventRounds "9"]
[EventCountry "BRA"]
[SourceTitle "CBM 186 Extra"]
[Source "ChessBase"]
[SourceDate "2018.08.24"]
[SourceVersion "1"]
[SourceVersionDate "2018.08.24"]
[SourceQuality "1"]

1. e4 e5 2. Bc4 Nf6 3. d3 d5 4. exd5 Nxd5 5. Nf3 Be6 6. Nxe5 Bd6 7. Nf3 c6 8. c3 0-0 9. Nbd2 Re8 10. 0-0 Qf6 11. h3 Qg6 12. Ne4 Bxh3 13. Nh4 Qe6 14. Nxd6 Qxd6 15. gxh3 Nd7 16. Qg4 Re6 17. Nf5 N5f6 18. Qxg7# 1-0

[Event "Caioba Telecom op"]
[Site "Caioba"]
[Date "2018.08.02"]
[Round "3"]
[White "Koinski, Carlos Cesar"]
[Black "De Souza, Joao Arthur Solak"]
[Result "1-0"]
[WhiteElo "1424"]
[BlackElo "1178"]
[PlyCount "27"]
[EventDate "2018.08.01"]
[EventType "swiss"]
[EventRounds "9"]
[EventCountry "BRA"]
[SourceTitle "CBM 186 Extra"]
[Source "ChessBase"]
[SourceDate "2018.08.24"]
[SourceVersion "1"]
[SourceVersionDate "2018.08.24"]
[SourceQuality "1"]

1. e4 e5 2. Nf3 Nc6 3. d4 exd4 4. Nxd4 Nf6 5. Nxc6 bxc6 6. Bd3 Bc5 7. 0-0 d6 8. h3 0-0 9. Bg5 h6 10. Bh4 Re8 11. Nd2 Bd7 12. c3 d5 13. Re1 Be7 14. e5 1-0